[Event "Rivera Huila Hernandez Memorial-B"]
[Site "Rivera Huila"]
[Date "2023.07.23"]
[Round "6"]
[White "Vasquez Sanchez, Juan Pablo"]
[Black "Bustos Acosta, Isauro"]
[Result "0-1"]
[WhiteElo "1088"]
[BlackElo "1656"]
[PlyCount "44"]
[EventDate "2023.07.20"]
[EventType "swiss"]
[EventRounds "7"]
[EventCountry "COL"]
[SourceTitle "CBM 215 Extra"]
[Source "ChessBase"]
[SourceDate "2023.09.30"]
[SourceVersion "1"]
[SourceVersionDate "2023.09.30"]
[SourceQuality "1"]

1. e4 c5 2. Nf3 d6 3. d4 cxd4 4. Nxd4 Nf6 5. Nc3 Nc6 6. Be3 Ng4 7. Qf3 Nxe3 8. Qxe3 Qb6 9. 0-0-0 e6 10. Qd2 a6 11. f3 Bd7 12. Bc4 Rc8 13. Nb3 Qc7 14. g4 b5 15. Be2 b4 16. Nb1 a5 17. a3 a4 18. Na1 b3 19. Qc3 Qb6 20. Nd2 Nd4 21. Qd3 Bb5 22. Qe3 Nxe2+ 0-1